000 00698nam a2200133Ia 4500
008 100328s9999 xx 000 0 und d
082 _b74357
100 _aवकील सुप्रिया-अनु. (मूळ लेखक-चेतन भगत).
245 _aद थ्री मिस्टेक्स ऑफ माय लाईफ (The 3 Mistake of My Life).
260 _bमेहता पब्लिशिंग हाऊस.
630 _aद थ्री मिस्टेक्स ऑफ माय लाईफ (The 3 Mistake of My Life).
730 _aद थ्री मिस्टेक्स ऑफ माय लाईफ (The 3 Mistake of My Life).
942 _cBOOK
999 _c560078
_d560075